[Event "Hamilton Williams Memorial"]
[Site "Hamilton"]
[Date "2018.11.06"]
[Round "3.1"]
[White "Mufandaedza, Moses"]
[Black "Woodley, Adrian"]
[Result "1-0"]
[WhiteElo "1950"]
[BlackElo "1541"]
[PlyCount "75"]
[EventDate "2018.10.23"]
[EventType "swiss"]
[EventRounds "6"]
[EventCountry "BER"]
[SourceTitle "EXT 2024"]
[Source "ChessBase"]
[SourceDate "2023.10.10"]
[SourceVersion "1"]
[SourceVersionDate "2023.10.10"]
[SourceQuality "1"]

1. d4 Nf6 2. c4 g6 3. Nc3 Bg7 4. e4 0-0 5. e5 Ne8 6. Bg5 d6 7. Qe2 h6 8. exd6 Qxd6 9. Bxe7 Qxd4 10. Rd1 Qe5 11. Bxf8 Qxe2+ 12. Bxe2 Kxf8 13. Rd8 Nc6 14. Rd2 Nd4 15. Nf3 Nxe2 16. Nxe2 Nd6 17. b3 Kg8 18. 0-0 Kh7 19. Rfd1 Bg4 20. Nf4 g5 21. Nd5 Ne4 22. Re2 Nc3 23. Nxc3 Bxc3 24. Re7 Rc8 25. Rxf7+ Kg8 26. Re7 Bb4 27. Re4 Bh5 28. Rd5 Bf7 29. Rb5 Bf8 30. Rxb7 a5 31. h3 Be8 32. Ra7 Bc6 33. Re6 Bd7 34. Re2 g4 35. hxg4 Bxg4 36. Rxa5 Rd8 37. Rd5 Ra8 38. a4 1-0